| 000 | 00446nam a22001697a 4500 | ||
|---|---|---|---|
| 003 | NUST | ||
| 005 | 20220915152314.0 | ||
| 008 | 170928b xxu||||| |||| 00| 0 eng d | ||
| 040 | _cNUST | ||
| 082 | _a330 | ||
| 100 |
_aQureshi,Tehseen Ahmed _95086 |
||
| 245 | _aThe size of trade misinvoicing in Pakistan | ||
| 260 |
_aIslamabad _c2015 |
||
| 300 | _a64p | ||
| 856 | _uhttp://10.250.8.41:8080/xmlui/handle/123456789/30452 | ||
| 942 |
_2ddc _cTHE |
||
| 999 |
_c331451 _d331451 |
||